[Event "Moscow Open 2018 AB"]
[Site "?"]
[Date "2018.02.04"]
[Round "9.16"]
[White "Voit, Daria"]
[Black "Tomilova, Elena"]
[Result "1-0"]
[BlackElo "2331"]
[WhiteElo "2390"]
[LiveChessVersion "1.4.8"]

1. e4 {[%clk 1:17:09]} c5 {[%clk 1:30:22]} 2. Nf3 {[%clk 1:17:30]} Nc6
{[%clk 1:29:53]} 3. Bb5 {[%clk 1:14:38]} e6 {[%clk 1:30:07]} 4. O-O
{[%clk 1:14:11]} Nge7 {[%clk 1:30:21]} 5. b3 {[%clk 1:09:32]} d6 {[%clk 1:22:34]}
6. d4 {[%clk 1:04:34]} cxd4 {[%clk 1:22:30]} 7. Qxd4 {[%clk 0:58:49]} a6
{[%clk 1:22:13]} 8. Bxc6+ {[%clk 0:59:14]} Nxc6 {[%clk 1:22:38]} 9. Qd2
{[%clk 0:57:30]} Be7 {[%clk 1:21:42]} 10. Rd1 {[%clk 0:57:04]} O-O
{[%clk 1:21:57]} 11. Ba3 {[%clk 0:49:57]} Qb6 {[%clk 1:10:57]} 12. c4
{[%clk 0:47:04]} Rd8 {[%clk 1:06:51]} 13. Nc3 {[%clk 0:42:09]} Qa5
{[%clk 1:05:09]} 14. Bb2 {[%clk 0:36:52]} Bd7 {[%clk 1:03:10]} 15. a3
{[%clk 0:31:35]} Qh5 {[%clk 1:00:44]} 16. a4 {[%clk 0:29:30]} Be8
{[%clk 0:56:29]} 17. Ba3 {[%clk 0:29:23]} Rac8 {[%clk 0:51:39]} 18. Qe3
{[%clk 0:25:07]} Rd7 {[%clk 0:45:04]} 19. Rd2 {[%clk 0:22:42]} Rcd8
{[%clk 0:31:51]} 20. Rad1 {[%clk 0:22:34]} h6 {[%clk 0:30:00]} 21. h3
{[%clk 0:12:49]} Qa5 {[%clk 0:26:33]} 22. Rd3 {[%clk 0:06:16]} Nb4
{[%clk 0:21:40]} 23. R3d2 {[%clk 0:05:42]} Nc6 {[%clk 0:19:44]} 24. g3
{[%clk 0:04:54]} Bf6 {[%clk 0:19:39]} 25. Ne2 {[%clk 0:05:03]} Be7
{[%clk 0:10:46]} 26. Ned4 {[%clk 0:05:16]} Ne5 {[%clk 0:10:16]} 27. Kg2
{[%clk 0:04:21]} Bf6 {[%clk 0:09:05]} 28. Nxe5 {[%clk 0:01:57]} dxe5
{[%clk 0:08:55]} 29. Nf3 {[%clk 0:02:02]} Rxd2 {[%clk 0:08:06]} 30. Rxd2
{[%clk 0:02:30]} Bc6 {[%clk 0:06:36]} 31. Bd6 {[%clk 0:02:00]} Rd7
{[%clk 0:04:53]} 32. h4 {[%clk 0:01:20]} Qd8 {[%clk 0:03:49]} 33. c5
{[%clk 0:01:10]} b6 {[%clk 0:03:41]} 34. Bxe5 {[%clk 0:01:12]} Rxd2
{[%clk 0:02:58]} 35. Bxf6 {[%clk 0:01:39]} gxf6 {[%clk 0:02:23]} 36. Nxd2
{[%clk 0:01:20]} bxc5 {[%clk 0:02:09]} 37. Qxc5 {[%clk 0:01:19]} Qxd2
{[%clk 0:01:21]} 38. Qxc6 {[%clk 0:01:46]} a5 {[%clk 0:01:42]} 39. Qc5
{[%clk 0:01:09]} Kg7 {[%clk 0:01:55]} 40. Qe3 {[%clk 0:31:06]} Qb4
{[%clk 0:32:06]} 41. Kf3 {[%clk 0:29:55]} h5 {[%clk 0:24:34]} 42. e5
{[%clk 0:24:07]} f5 {[%clk 0:19:58]} 43. Kg2 {[%clk 0:23:55]} Qb7+
{[%clk 0:19:22]} 44. Kg1 {[%clk 0:19:07]} Qd5 {[%clk 0:19:00]} 45. Qg5+
{[%clk 0:11:47]} Kf8 {[%clk 0:19:19]} 46. Qh6+ {[%clk 0:12:00]} Kg8
{[%clk 0:18:24]} 47. Qxh5 {[%clk 0:11:52]} Qxe5 {[%clk 0:16:41]} 48. Qg5+
{[%clk 0:11:46]} Kh7 {[%clk 0:16:46]} 49. Qe3 {[%clk 0:11:40]} Qd5
{[%clk 0:16:49]} 50. Qc3 {[%clk 0:11:23]} Qd1+ {[%clk 0:16:15]} 51. Kg2
{[%clk 0:11:43]} Qd5+ {[%clk 0:15:13]} 52. Qf3 {[%clk 0:12:10]} Qd8
{[%clk 0:11:25]} 53. Qh5+ {[%clk 0:10:54]} Kg7 {[%clk 0:11:31]} 54. Qg5+
{[%clk 0:11:13]} Qxg5 {[%clk 0:11:56]} 55. hxg5 {[%clk 0:11:39]} Kf8
{[%clk 0:09:02]} 56. Kf3 {[%clk 0:11:36]} Ke7 {[%clk 0:06:49]} 57. Ke3
{[%clk 0:11:58]} Kd6 {[%clk 0:06:53]} 58. Kd4 {[%clk 0:12:16]} Kc6
{[%clk 0:06:55]} 59. Kc4 {[%clk 0:11:18]} Kb6 {[%clk 0:06:49]} 60. b4
{[%clk 0:11:44]} axb4 {[%clk 0:07:13]} 61. Kxb4 {[%clk 0:12:11]} e5
{[%clk 0:07:08]} 62. Kc4 {[%clk 0:12:29]} 1-0